[Event "Barcelona Sant Marti op-B 23rd"]
[Site "Barcelona"]
[Date "2023.07.18"]
[Round "6"]
[White "Subirats Martinez, Miguel Angel"]
[Black "Albert Cristobal, Jorge"]
[Result "0-1"]
[WhiteElo "1650"]
[BlackElo "1769"]
[PlyCount "68"]
[EventDate "2023.07.13"]
[EventType "swiss"]
[EventRounds "9"]
[EventCountry "ESP"]
[SourceTitle "CBM 215 Extra"]
[Source "ChessBase"]
[SourceDate "2023.09.30"]
[SourceVersion "1"]
[SourceVersionDate "2023.09.30"]
[SourceQuality "1"]

1. e4 Nc6 2. Nf3 e5 3. d4 exd4 4. Bc4 d6 5. c3 Ne5 6. Nxe5 dxe5 7. Qb3 Qe7 8. 0-0 a5 9. a4 b6 10. Bd5 Rb8 11. f4 Nf6 12. Bc6+ Bd7 13. Bxd7+ Qxd7 14. fxe5 Nxe4 15. Re1 Nc5 16. Qc4 Ne6 17. Nd2 dxc3 18. bxc3 Bc5+ 19. Kh1 0-0 20. Ne4 Be7 21. Be3 Rbd8 22. Ng3 Nc5 23. Bd4 Ne6 24. Be3 Qd3 25. Qg4 Qg6 26. Qc4 Bc5 27. Bxc5 Nxc5 28. Rad1 Nd3 29. Rxd3 Rxd3 30. Qxc7 h5 31. Qc4 Rfd8 32. e6 fxe6 33. Rxe6 Qf7 34. Re8+ Rxe8 0-1

[Event "Barcelona Sant Marti op-B 23rd"]
[Site "Barcelona"]
[Date "2023.07.17"]
[Round "5"]
[White "Castillo Rosa, Jose Luis"]
[Black "Subirats Martinez, Miguel Angel"]
[Result "0-1"]
[WhiteElo "1403"]
[BlackElo "1650"]
[PlyCount "56"]
[EventDate "2023.07.13"]
[EventType "swiss"]
[EventRounds "9"]
[EventCountry "ESP"]
[SourceTitle "CBM 215 Extra"]
[Source "ChessBase"]
[SourceDate "2023.09.30"]
[SourceVersion "1"]
[SourceVersionDate "2023.09.30"]
[SourceQuality "1"]

1. e4 c6 2. d4 d5 3. e5 c5 4. c3 Nc6 5. Nf3 e6 6. Be2 Qb6 7. 0-0 cxd4 8. cxd4 Bd7 9. a3 f6 10. Nc3 a6 11. b4 Qc7 12. b5 Nxe5 13. dxe5 Qxc3 14. Bf4 Qa5 15. Bd2 Qd8 16. Nd4 fxe5 17. bxa6 bxa6 18. Nf3 Bd6 19. Bb4 Qb6 20. Rb1 Nf6 21. Nxe5 Bxe5 22. Bc3 Qc7 23. Bb4 Bxh2+ 24. Kh1 Bd6 25. Qb3 0-0 26. Rfc1 Qb8 27. Rc3 Bxb4 28. axb4 Ne4 0-1

[Event "Barcelona Sant Marti op-B 21st"]
[Site "Barcelona"]
[Date "2019.07.21"]
[Round "9"]
[White "Costa Trave, Jaume"]
[Black "Subirats Martinez, Miguel Angel"]
[Result "1-0"]
[WhiteElo "1856"]
[BlackElo "1718"]
[PlyCount "81"]
[EventDate "2019.07.13"]
[EventType "swiss"]
[EventRounds "9"]
[EventCountry "ESP"]
[SourceTitle "EXT 2020"]
[Source "ChessBase"]
[SourceDate "2019.10.17"]
[SourceVersion "1"]
[SourceVersionDate "2019.10.17"]
[SourceQuality "1"]

1. f4 f5 2. e4 fxe4 3. d3 d5 4. Nc3 Nf6 5. Nge2 Nc6 6. Ng3 e5 7. dxe4 d4 8. Nb5 Bb4+ 9. c3 Bg4 10. Qb3 dxc3 11. bxc3 Bc5 12. h3 Bh5 13. fxe5 Nxe5 14. Bf4 Bf7 15. Qa4 0-0 16. Bxe5 c6 17. Nd4 Re8 18. Bxf6 Qxf6 19. Bc4 Kh8 20. Bxf7 Qxf7 21. Rf1 Qg6 22. Rf3 Rf8 23. Kf2 Qg5 24. Qc2 Qh4 25. Qd3 Rad8 26. Kg1 Rxf3 27. Qxf3 Rf8 28. Qg4 Qd8 29. Rd1 Qa5 30. Kh1 Qxc3 31. Ne6 Rg8 32. Nxc5 Qxc5 33. Nf5 g6 34. Nd6 b5 35. e5 Kg7 36. Qd7+ Kh6 37. Nf7+ Kg7 38. e6 Qc2 39. Qd4+ Kf8 40. Rf1 Qe2 41. Qf6 1-0

[Event "Barcelona Sant Marti op-B 21st"]
[Site "Barcelona"]
[Date "2019.07.19"]
[Round "7"]
[White "Kalagara, Aniketh"]
[Black "Subirats Martinez, Miguel Angel"]
[Result "1/2-1/2"]
[WhiteElo "1189"]
[BlackElo "1718"]
[PlyCount "81"]
[EventDate "2019.07.13"]
[EventType "swiss"]
[EventRounds "9"]
[EventCountry "ESP"]
[SourceTitle "EXT 2020"]
[Source "ChessBase"]
[SourceDate "2019.10.17"]
[SourceVersion "1"]
[SourceVersionDate "2019.10.17"]
[SourceQuality "1"]

1. d4 e6 2. Bf4 f5 3. c4 Nf6 4. Nf3 d5 5. e3 Bd6 6. Bxd6 Qxd6 7. Bd3 c6 8. 0-0 0-0 9. Nc3 Nbd7 10. Rc1 Ne4 11. Qc2 Rf6 12. Ne2 Rh6 13. Nf4 Ndf6 14. Ne5 Bd7 15. Nh3 g5 16. Bxe4 Nxe4 17. f3 g4 18. fxg4 Rf6 19. gxf5 exf5 20. c5 Qe7 21. Nf4 Be8 22. Qe2 Rh6 23. Nf3 Bg6 24. Nxg6 hxg6 25. Nd2 Re8 26. Nxe4 Qxe4 27. Rce1 Qh4 28. h3 Qg5 29. Qf3 Rh4 30. Re2 Rhe4 31. Rfe1 R8e6 32. Kf2 Qh4+ 33. Qg3 Qe7 34. Qb8+ Kg7 35. Qxa7 f4 36. Qa3 Qh4+ 37. Kg1 f3 38. gxf3 Qg3+ 39. Kf1 Qxh3+ 40. Rg2 Qxf3+ 41. Kg1 1/2-1/2

[Event "Barcelona Sant Marti op-B 21st"]
[Site "Barcelona"]
[Date "2019.07.16"]
[Round "4"]
[White "Subirats Martinez, Miguel Angel"]
[Black "Carrasco Gomez, Adahara"]
[Result "1/2-1/2"]
[WhiteElo "1718"]
[BlackElo "1358"]
[PlyCount "21"]
[EventDate "2019.07.13"]
[EventType "swiss"]
[EventRounds "9"]
[EventCountry "ESP"]
[SourceTitle "EXT 2020"]
[Source "ChessBase"]
[SourceDate "2019.10.17"]
[SourceVersion "1"]
[SourceVersionDate "2019.10.17"]
[SourceQuality "1"]

1. e4 d5 2. exd5 Qxd5 3. Nc3 Qd6 4. g3 c6 5. Bg2 Nf6 6. d3 g6 7. Nge2 Bg7 8. 0-0 0-0 9. Bd2 Bf5 10. Rb1 Nbd7 11. b4 1/2-1/2

[Event "Barcelona Sant Marti op-B 21st"]
[Site "Barcelona"]
[Date "2019.07.13"]
[Round "1"]
[White "Chiva Perez, Ferran"]
[Black "Subirats Martinez, Miguel Angel"]
[Result "0-1"]
[WhiteElo "1199"]
[BlackElo "1718"]
[PlyCount "56"]
[EventDate "2019.07.13"]
[EventType "swiss"]
[EventRounds "9"]
[EventCountry "ESP"]
[SourceTitle "EXT 2020"]
[Source "ChessBase"]
[SourceDate "2019.10.17"]
[SourceVersion "1"]
[SourceVersionDate "2019.10.17"]
[SourceQuality "1"]

1. c4 e6 2. Nc3 f5 3. Nf3 Nf6 4. g3 c6 5. Bg2 d5 6. cxd5 exd5 7. d4 Bd6 8. 0-0 0-0 9. Bg5 h6 10. Bxf6 Qxf6 11. e3 Nd7 12. Qd3 Qf7 13. Ne2 Nf6 14. Nd2 Bd7 15. Bh3 Ne4 16. Bg2 Rae8 17. Nxe4 fxe4 18. Qd1 Bg4 19. h3 Bf3 20. Qd2 g5 21. Kh2 Qh5 22. Ng1 g4 23. Rfe1 Qg5 24. Bxf3 gxf3 25. h4 Qxh4+ 26. Nh3 Re7 27. Rh1 Rg7 28. Rag1 Rf5 0-1